| 000 | 00825nam a2200157 4500 | ||
|---|---|---|---|
| 999 |
_c39 _d39 |
||
| 020 | _a 1403911320 | ||
| 050 | _aHF5386 | ||
| 100 | _a Cottrell, Stella. | ||
| 245 |
_aSkills for success : _bthe personal development planning handbook, _cStella Cottrell. |
||
| 260 |
_aBasingstoke :| _bPalgrave Macmillan, _c2003. |
||
| 300 |
_a xv, 296 p. : _bill. ; _c25 cm. |
||
| 500 | _aIncludes index. | ||
| 505 | _aChapter 1. The vision: what is success Chapter 2. Start yourself Chapter 3. Successful self-management Chapter 4. Successful problem-solving and task management Chapter 5. People skills Chapter 6. Thinking outside the box Chapter 7. The art of reflection Chapter 8. Successful job application Chapter 9. Recording achievement Chapter 10. Drawing it together | ||
| 650 |
_aSuccess. _x Vocational guidance. |
||
| 942 | _cBK | ||